Score 0/10 Timer 01:00
2 Plays Today
Clue 4-Letter Word % Correct
'A ___ of Two Cities'TALE
96.9%
TardyLATE
96%
SpeakTALK
95.6%
Move along on footWALK
95.4%
Great ___ of ChinaWALL
94.6%
Unable to speakMUTE
93.3%
'All's ___ that Ends ___'WELL
92.3%
Speak very loudlyYELL
85.8%
Stringed instrument with a pear shapeLUTE
85.2%
Name of 4 art galleries in London, Cornwall and LiverpoolTATE
84.7%

Today's Daily Dose

You're not logged in!

Compare scores with friends on all Sporcle quizzes.
OR
Log In

Sporcle TV

Today on Sporcle TV


Watch our educational content, quiz creation guides, and fun videos on Sporcle TV.

Show Comments

Extras

Top Quizzes Today


Score Distribution

Your Account Isn't Verified!

In order to create a playlist on Sporcle, you need to verify the email address you used during registration. Go to your Sporcle Settings to finish the process.

Report this User

Report this user for behavior that violates our Community Guidelines.

Details: